| Tag |
First Indicator |
Second Indicator |
Subfields |
| LEADER |
00000nam a2200000 4500 |
| 001 |
in00004190413 |
| 005 |
20200806081748.0 |
| 006 |
m g d |
| 007 |
cr bn |||a|bb| |
| 008 |
971124s1689 ie o o00 eng d |
| 035 |
|
|
|a (UnM)99886392
|
| 037 |
|
|
|a CL2105000001
|b ProQuest Information and Learning. 300 N. Zeeb Rd., Ann Arbor, MI 48106
|
| 040 |
|
|
|a Cu-RivES
|c Cu-RivES
|e dcrb
|
| 110 |
1 |
|
|a England and Wales.
|b Sovereign (1685-1688 : James II)
|
| 245 |
1 |
0 |
|a By the King James R. :
|b Whereas we are informed that several of the inhabitants or the province of Ulster, being forced away by the enemy, did with their stock and cattel go into our counties of Dublin, ...
|
| 246 |
2 |
|
|a Whereas we are informed that several of the inhabitants or the province of Ulster
|
| 260 |
|
|
|a Dublin, :
|b Printed by Andrew Crook and Samuel Helsham assigns of Benjamin Tooke, printer to the King's most excellent Majesty: and are to be sold at his Majesties printing-house on Ormonde-Key, and the Colledge-Arms in Castle-street,
|c 1689.
|
| 300 |
|
|
|a 1 online resource (1 sheet ([1] pages).
|
| 336 |
|
|
|a text
|b txt
|2 rdacontent
|
| 337 |
|
|
|a computer
|b c
|2 rdamedia
|
| 338 |
|
|
|a online resource
|b cr
|2 rdacarrier
|
| 500 |
|
|
|a Title from caption title and opening lines of text.
|
| 500 |
|
|
|a "Given at our camp near the bridge of Assayne the 24th day of September 1689."
|
| 500 |
|
|
|a Ulster refugees to be sent to Wicklow Hills, andc. Cf. Steele.
|
| 500 |
|
|
|a Arms 186.
|
| 500 |
|
|
|a Reproduction of original in the British Library.
|
| 510 |
4 |
|
|a Wing (CD-ROM, 1996)
|c J409
|
| 510 |
4 |
|
|a Steele
|c II, 1071
|
| 510 |
4 |
|
|a Early English books tract supplement interim guide
|c C.21.f.12[75]
|
| 510 |
4 |
|
|a Early English books tract supplement interim guide
|c G.6022[83]
|
| 533 |
|
|
|a Electronic reproduction.
|b Ann Arbor, Mich. :
|c UMI,
|d 1999-
|f (Early English books online)
|n Digital version of: (Early English books; Tract supplement ; C5:2[75]; C23:1[83])
|7 s1999 miun s
|
| 650 |
|
0 |
|a Refugees
|z Ireland
|v Early works to 1800.
|
| 651 |
|
0 |
|a Ireland
|x History
|y War of 1689-1691
|v Early works to 1800.
|
| 700 |
0 |
|
|a James
|b II,
|c King of England,
|d 1633-1701.
|
| 830 |
|
0 |
|a Early English books online.
|
| 856 |
4 |
0 |
|u http://proxy.library.tamu.edu/login?url=https://search.proquest.com/docview/2248536085
|z Connect to the full text of this electronic book
|t 0
|
| 856 |
4 |
0 |
|u http://proxy.library.tamu.edu/login?url=https://search.proquest.com/docview/2264215115
|z Connect to the full text of this electronic book
|t 0
|
| 999 |
f |
f |
|s 4ec4aad6-05b7-301b-a98b-259f1bfd644e
|i d33ed7da-506e-36d9-8e12-4b26bda4ffbc
|t 0
|
| 952 |
f |
f |
|a Texas A&M University
|b College Station
|c Electronic Resources
|d Available Online
|t 0
|h No information provided
|
| 998 |
f |
f |
|t 0
|l Available Online
|